000 00567nam a22001817a 4500
003 UA-OsUOA
001 10417
007 ta
008 20050120b un ||||| |||| 00| 0 ukr d
100 _aРейтерович І.
942 _cSA
040 _aUA-OsUOA
_cUA-OsUOA
_dUA-OsUOA
245 _aВзаємовідносини фінансово- промислових груп та держави : український досвід
300 _aС.44-48
955 _a0
773 0 _w0
_tПраво України
_dКиїв
_d2005
_gN1
650 7 _aУкраїна
_2UDC
999 _c296578
_d296578